000 01905nam a2200325 i 4500
003 DO-SdBNP
005 20240320134830.0
007 ta
008 240320b2023 dr ac||| |||| 00| 0 dr d
020 _a9789945132182
040 _aDO-SdBNP
_bspa
_cBNPHU
_erda
082 4 _222
100 _aRodríguez Pilier, Iván,
_981775
_d1938-
_eautor
245 1 0 _aIván Rodríguez Pilier :
_btestimonios de una vida dedicada a la revolución /
_cIván Rodríguez Pilier ; cuidado de edición, Julio Díaz Campusano, Alfonso Tprres Ulloa, Manuel Salazar ; transcripción
264 _aSanto Domingo :
_bArchivo General de la Nación,
_c2023.
300 _a288 páginas :
_bilustraciones, retratos ;
_c23 cm.
336 _2rdacontent
_atexto
_btxt
337 _2rdamedia
_asin mediación
_bn
338 _2rdacarrier
_avolumen
_bnc
500 _aIncluye datos biográficos del autor en las solapas
505 _aDedicatoria--
_tAgradecimientos --
_tReconocimientos--
_tPresentación /
_rFulgencio Severino--
_tPreludio/
_rManuel Salazar--
_tIván Rodríguez. Experiencias social, política, familiar/
_tEl 14 de Junio y la guerrilla del 1963--
_tel 1J4. Revolución cubana de 1959, influencia--
_tel1J4. Muerte de Manolo. viaje a China--
_tPrisión. Libertad. Represión Balaguerista. La UPA--
_tEstallido del Bloque Soviético."Socialismo Real"--
_tEl 1J4. Linea Roja. UPA--
_tDefensa de la Revolución Cubana. Instituto Amistad con los Pueblos. Escuela Hermanas Mirabal--
_tRegreso de China. Ruptura Movimiento 14 de Junio.
590 _aInventariado, 2024/BT
590 _aLa biblioteca posee 3 ejemplares autográfiado por el autor
700 1 _aDíaz Campusano, Julio,
_ecuidado de edición
_985076
700 1 _aTorres Ulloa, Alfonso,
_ecuidado de edición
_958620
700 1 _aSalazar, Manuel,
_ecuidado de edición
_92454
700 1 _aArias, Manuel,
_etranscripción
_985077
910 _aBtavárez
942 _2ddc
_cLBS1
999 _c56160
_d56160